Normal view
MARC view
Entry Personal Name
001 - CONTROL NUMBER
- control field: 1239177
003 - CONTROL NUMBER IDENTIFIER
- control field: OSt
005 - DATE AND TIME OF LATEST TRANSACTION
- control field: 20260512152435.0
008 - FIXED-LENGTH DATA ELEMENTS
- fixed length control field: 260512|| aca||aabn | a|a d
040 ## - CATALOGING SOURCE
- Original cataloging agency: OSt
- Transcribing agency: OSt
100 ## - HEADING--PERSONAL NAME
- Personal name: डॉ. डी .एन.प्रसाद
670 ## - SOURCE DATA FOUND
- Source citation: Work cat.: (OSt)1851280: डॉ. डी .एन.प्रसाद, धर्मवीर भारती के उपन्यास निबंध और कहानियाँ, 2024
